Normal view
MARC view
- Dr. Mir Yasir Umair
Entry Personal Name
001 - CONTROL NUMBER
- control field: 35399
003 - CONTROL NUMBER IDENTIFIER
- control field: NUST
005 - DATE AND TIME OF LATEST TRANSACTION
- control field: 20201118153953.0
008 - FIXED-LENGTH DATA ELEMENTS
- fixed length control field: 201118|| aca||aabn | a|a d
040 ## - CATALOGING SOURCE
- Original cataloging agency: NUST
- Transcribing agency: NUST
100 ## - HEADING--PERSONAL NAME
- Personal name: Dr. Mir Yasir Umair
670 ## - SOURCE DATA FOUND
- Source citation: Work cat.: (NUST): Khattak, Sohaib Bin Altaf 35397, Localization of a mobile Node using Fingerprinting in an Indoor Environment / , 2017
